Sanat: Antti Tuisku - Tuhat salamaa - Statistics

Yleistilastot
  • Tätä visaa on pelattu 42 kertaa
  • Keskiarvotulos 117 / 156
Vastaustilastot
Sanat % Oikein
salamaa
94%
tuhat
94%
Tuhat
94%
Tuhat,
94%
tuhat,
94%
ei
88%
Ei
88%
iskee
88%
Ja
88%
ja
88%
tulta
88%
elämä
85%
jää
85%
Minä
85%
MInä
85%
räjähtää
85%
Toivo
85%
voi
85%
jäljelle
82%
koko
82%
ku
82%
me
82%
multa
82%
rakkautta
82%
on
79%
rakkauden
79%
riistää
79%
tämän
79%
turvaan
79%
löydämme
76%
maan
76%
No
76%
uuden
76%
vien
76%
laiva
74%
kun
71%
Kun
71%
meille
68%
nousee
68%
nousemaan
68%
paistaa
68%
valmis
68%
aurinkoo
65%
maailma
65%
Vaik
65%
Antti
62%
Sun
62%
tää
62%
Tuisku
62%
lähtee
59%
Rosti
59%
soimaan
59%
uutta
59%
vanhaa
59%
kiinni
56%
kuka
56%
lämpenee
56%
lapset
56%
liitutauluun
56%
maat
56%
painautuu
56%
Piirretään
56%
Pimenee
56%
rakkaus
56%
Sekotetaan
56%
sydän
56%
valkeat
56%
viedä
56%
laulupuut
53%
piiloutuu
53%
vaikenevat
53%
ilma
50%
Katujen
50%
mikään
50%
mua
50%
Pelätään
50%
pelkomme
50%
pois
50%
raju
50%
vois
50%
Vicky
47%
ampuu
44%
bensaruisku
44%
meitsi
41%
kouluun
32%
volttia
32%
Ehtoja vastaavia visoja ei löytynyt
Tulosjakauma
Jokaisen tuloksen saaneiden osuus
Persentiili vastausten määrän mukaan
Tuloshistoriasi
Et ole pelannut tätä visaa